[Event "DSM WK M 2011"]
[Site "Karlsruhe GER"]
[Date "2011.05.13"]
[Round "1"]
[White "Liedel, Linda"]
[Black "Caliebe, Nanke"]
[Result "0-1"]
[Termination "normal"]
[Board "6.3"]
[WhiteElo "898"]
[BlackElo "858"]
[WhiteTeam "Gymnasium Mainz-Gonsenheim"]
[BlackTeam "Gymnasium Altenholz"]
[PlyCount "60"]
[BlackFideId "12980528"]
[EventCountry "GER"]
[EventRounds "7"]
[EventType "team-swiss"]
[EventDate "2011.05.12"]

1. e4 c5 2. Nf3 e6 3. d4 cxd4 4. Nxd4 d6 5. Nc3 Nf6 6. Bg5 Be7 7. Bb5+ Nbd7 8.
Qe2 a6 9. Ba4 Qc7 10. Bb3 b5 11. Bxe6 fxe6 12. Nxe6 Qb6 13. Nxg7+ Kf7 14. Nd5
Nxd5 15. Qh5+ Kg8 16. exd5 Kxg7 17. Bxe7 Bb7 18. Rd1 Rae8 19. Qg4+ Kf7 20. Qe6+
Kg7 21. Qxd7 Bc8 22. Rd3 Bxd7 23. Rg3+ Kf7 24. Rf3+ Kxe7 25. Re3+ Kd8 26. Rxe8+
Rxe8+ 27. Kf1 Qa5 28. c3 Qxa2 29. g3 Bh3+ 30. Kg1 Qa1# 0-1

[Event "DSM WK M 2011"]
[Site "Karlsruhe GER"]
[Date "2011.05.13"]
[Round "1"]
[White "Morsch, Rebecca"]
[Black "Woider, Stella"]
[Result "0-1"]
[Termination "normal"]
[Board "6.4"]
[WhiteElo "800"]
[BlackElo "757"]
[WhiteTeam "Gymnasium Altenholz"]
[BlackTeam "Gymnasium Mainz-Gonsenheim"]
[PlyCount "126"]
[EventCountry "GER"]
[EventRounds "7"]
[EventType "team-swiss"]
[EventDate "2011.05.12"]

1. e4 e5 2. Nf3 Nc6 3. d3 Nf6 4. Nc3 Bc5 5. Bg5 h6 6. Be3 Bxe3 7. fxe3 d6 8.
Be2 Be6 9. O-O O-O 10. Qd2 d5 11. exd5 Nxd5 12. e4 Nf4 13. Rae1 f6 14. Qe3 b6
15. Nd2 Nb4 16. Bd1 Qd7 17. a3 Nc6 18. Bf3 Nd4 19. Bd1 Bg4 20. Qg3 Bxd1 21.
Rxd1 Nxc2 22. Rc1 Nd4 23. Rce1 Rad8 24. Qh4 Nc2 25. Rc1 Qxd3 26. Qf2 Ne3 27.
Rfe1 Nexg2 28. Red1 f5 29. Nf3 fxe4 30. Rxd3 Nxd3 31. Rd1 Nxf2 32. Rxd8 Rxd8
33. Kxf2 exf3 34. Kxf3 Ne1+ 35. Ke2 Ng2 36. Nb5 c6 37. Nxa7 c5 38. Nc6 Rd5 39.
Ne7+ Kf8 40. Nxd5 b5 41. Kf2 Nh4 42. b4 cxb4 43. Nxb4 Ke7 44. Na6 Kd6 45. Kg3
Nf5+ 46. Kf2 e4 47. Nb4 Nd4 48. Ke3 Ke5 49. h4 g5 50. hxg5 hxg5 51. Na2 g4 52.
Nc1 g3 53. Ne2 Nxe2 54. Kxe2 Kf4 55. Kf1 Kf3 56. Kg1 e3 57. Kf1 e2+ 58. Ke1 g2
59. Kd2 g1=Q 60. Kc3 e1=Q+ 61. Kd3 Qge3+ 62. Kc2 Q1d2+ 63. Kb1 Qee1# 0-1

[Event "DSM WK M 2011"]
[Site "Karlsruhe GER"]
[Date "2011.05.13"]
[Round "1"]
[White "Schmitt, Nora"]
[Black "Triantafillidis, Katherina"]
[Result "0-1"]
[Termination "normal"]
[Board "7.1"]
[WhiteElo "1016"]
[BlackElo "1290"]
[WhiteTeam "Gymnasium Neuenbürg"]
[BlackTeam "Elly-Heuss-Knapp-Gymnasium Heilbronn"]
[PlyCount "120"]
[BlackFideId "24692409"]
[EventCountry "GER"]
[EventRounds "7"]
[EventType "team-swiss"]
[EventDate "2011.05.12"]

1. e4 e5 2. Nc3 Nc6 3. Nf3 Nf6 4. Bb5 d6 5. d4 Bd7 6. d5 Ne7 7. Bxd7+ Qxd7 8.
O-O Ng6 9. b3 Be7 10. Bg5 h6 11. Bxf6 Bxf6 12. Qd3 O-O 13. h3 Rfd8 14. Qb5 Qxb5
15. Nxb5 c6 16. Nc3 cxd5 17. Nxd5 Be7 18. Nxe7+ Nxe7 19. c4 Nc6 20. Rad1 Rd7
21. Rd2 Rad8 22. Rfd1 b6 23. a3 Na5 24. Rd3 f6 25. g4 Kf7 26. h4 Ke6 27. g5
hxg5 28. hxg5 Rh8 29. Kg2 Rh5 30. Rh1 Rxh1 31. Kxh1 Rd8 32. Nd2 Rh8+ 33. Kg2
Rh5 34. gxf6 gxf6 35. Kf3 Rh3+ 36. Ke2 Rxd3 37. Kxd3 Nc6 38. b4 Nd4 39. f3 f5
40. a4 Nc6 41. Nb3 Nxb4+ 42. Kc3 a5 43. Na1 Nc6 44. Nc2 fxe4 45. fxe4 Ne7 46.
Kd3 Ng6 47. Kc3 Nf4 48. Kb3 Nd3 49. Kc3 Nc5 50. Ne3 Nxe4+ 51. Kd3 Nc5+ 52. Ke2
Nxa4 53. Kd2 Nc5 54. Kc2 a4 55. Kb2 Ne4 56. Ka3 Nc5 57. Nc2 e4 58. Ne3 Ke5 59.
Nd1 Kd4 60. Nc3 Kxc3 0-1

[Event "DSM WK M 2011"]
[Site "Karlsruhe GER"]
[Date "2011.05.13"]
[Round "1"]
[White "Triantafillidis, Zoé"]
[Black "Härter, Maja"]
[Result "1-0"]
[Termination "normal"]
[Board "7.2"]
[WhiteElo "1187"]
[BlackElo "763"]
[WhiteTeam "Elly-Heuss-Knapp-Gymnasium Heilbronn"]
[BlackTeam "Gymnasium Neuenbürg"]
[PlyCount "73"]
[WhiteFideId "12900150"]
[EventCountry "GER"]
[EventRounds "7"]
[EventType "team-swiss"]
[EventDate "2011.05.12"]

1. e4 e5 2. Nf3 Nc6 3. d4 d6 4. dxe5 dxe5 5. Qxd8+ Kxd8 6. Bc4 f6 7. Nc3 Bb4 8.
Bd2 Nge7 9. O-O-O Ke8 10. h3 Bd7 11. Nd5 Bxd2+ 12. Rxd2 Nxd5 13. Bxd5 Rd8 14.
Rhd1 b6 15. Bxc6 Ke7 16. Rxd7+ Rxd7 17. Rxd7+ Ke6 18. Rxg7 Kd6 19. Bd5 c6 20.
Rg8 Rxg8 21. Bxg8 h6 22. Nh4 Ke7 23. Nf5+ Kf8 24. Be6 h5 25. Kd2 Ke8 26. Ke3 c5
27. f4 Kd8 28. fxe5 fxe5 29. g4 hxg4 30. hxg4 Ke8 31. g5 Kd8 32. g6 Kc7 33. g7
Kc6 34. g8=Q Kb5 35. Qe8+ Ka5 36. Bc4 b5 37. Qxb5# 1-0

[Event "DSM WK M 2011"]
[Site "Karlsruhe GER"]
[Date "2011.05.13"]
[Round "1"]
[White "Müller, Svenja"]
[Black "Graf, Janine"]
[Result "0-1"]
[Termination "normal"]
[Board "7.3"]
[WhiteElo "800"]
[BlackElo "864"]
[WhiteTeam "Gymnasium Neuenbürg"]
[BlackTeam "Elly-Heuss-Knapp-Gymnasium Heilbronn"]
[PlyCount "36"]
[EventCountry "GER"]
[EventRounds "7"]
[EventType "team-swiss"]
[EventDate "2011.05.12"]

1. e4 e5 2. Nf3 Nc6 3. b3 Bc5 4. Bb2 d6 5. Bc4 Be6 6. Bxe6 fxe6 7. Ng5 Qxg5 8.
h4 Qxg2 9. Rf1 O-O-O 10. Qe2 Nd4 11. Qd3 Rf8 12. c3 Rf3 13. Qc4 Ne7 14. cxd4
Rhf8 15. dxc5 Rxf2 16. Rxf2 Rxf2 17. Na3 Qg1+ 18. Qf1 Qxf1# 0-1

[Event "DSM WK M 2011"]
[Site "Karlsruhe GER"]
[Date "2011.05.13"]
[Round "1"]
[White "Wolf, Isabelle"]
[Black "Schillinger, Carmen"]
[Result "0-1"]
[Termination "normal"]
[Board "7.4"]
[WhiteElo "800"]
[BlackElo "800"]
[WhiteTeam "Elly-Heuss-Knapp-Gymnasium Heilbronn"]
[BlackTeam "Gymnasium Neuenbürg"]
[PlyCount "58"]
[EventCountry "GER"]
[EventRounds "7"]
[EventType "team-swiss"]
[EventDate "2011.05.12"]

1. e4 e5 2. Qg4 Nf6 3. Qf5 Bb4 4. Ke2 Nc6 5. d3 d5 6. Bg5 Bxf5 7. exf5 Nd4+ 8.
Kd1 Nxf5 9. Nf3 e4 10. dxe4 dxe4+ 11. Ke2 exf3+ 12. gxf3 Nd4+ 13. Kd3 Nxf3+ 14.
Ke3 Nxg5 15. Bb5+ Nd7 16. Rg1 Qe7+ 17. Kf4 Nh3+ 18. Kg4 Nxg1 19. Nc3 O-O 20.
Kg3 Ne5 21. Rxg1 c6 22. Be2 Nc4 23. Rd1 Nxb2 24. Rb1 Bxc3 25. f4 Qxe2 26. a4
Rae8 27. Ra1 Re3+ 28. Kh4 Qg2 29. Kh5 Rh3# 0-1

[Event "DSM WK M 2011"]
[Site "Karlsruhe GER"]
[Date "2011.05.13"]
[Round "1"]
[White "Hund, Sarah"]
[Black "Holzapfel, Nanne"]
[Result "1-0"]
[Termination "normal"]
[Board "8.1"]
[WhiteElo "1248"]
[BlackElo "800"]
[WhiteTeam "Rotteck-Gymnasium Freiburg"]
[BlackTeam "Benjamin-Schule Remplin"]
[PlyCount "51"]
[WhiteFideId "12923338"]
[EventCountry "GER"]
[EventRounds "7"]
[EventType "team-swiss"]
[EventDate "2011.05.12"]

1. e4 e5 2. Nf3 Nc6 3. Bc4 Nf6 4. Ng5 h6 5. Nxf7 Qe7 6. Nxh8 Nxe4 7. Qh5+ Kd8
8. Nf7+ Ke8 9. Ng5+ Kd8 10. Nxe4 Na5 11. Bb3 d6 12. d3 Bd7 13. Nbc3 Bc6 14. O-O
g5 15. Nxg5 hxg5 16. Bxg5 Nxb3 17. axb3 e4 18. Bxe7+ Bxe7 19. Qh8+ Be8 20. Nxe4
d5 21. Nf6 Bxf6 22. Qxf6+ Kd7 23. Rfe1 c6 24. Re7+ Kd8 25. Qd6+ Kc8 26. Qc7#
1-0

[Event "DSM WK M 2011"]
[Site "Karlsruhe GER"]
[Date "2011.05.13"]
[Round "1"]
[White "Holzapfel, Nele"]
[Black "Krißmer, Maria"]
[Result "0-1"]
[Termination "normal"]
[Board "8.2"]
[WhiteElo "800"]
[BlackElo "1006"]
[WhiteTeam "Benjamin-Schule Remplin"]
[BlackTeam "Rotteck-Gymnasium Freiburg"]
[PlyCount "46"]
[EventCountry "GER"]
[EventRounds "7"]
[EventType "team-swiss"]
[EventDate "2011.05.12"]

1. e4 e5 2. Nf3 Nc6 3. Bc4 Bc5 4. c3 Nf6 5. d4 exd4 6. cxd4 Bb4+ 7. Bd2 Bxd2+
8. Nbxd2 d5 9. exd5 Nxd5 10. O-O Bg4 11. h3 Bh5 12. g4 Bg6 13. Qe1+ Qe7 14.
Qxe7+ Ncxe7 15. Ne5 O-O-O 16. h4 Rdf8 17. h5 f6 18. hxg6 fxe5 19. dxe5 hxg6 20.
Rfd1 Nf4 21. Ne4 Nh3+ 22. Kg2 Nf4+ 23. Kf1 Rh1# 0-1

[Event "DSM WK M 2011"]
[Site "Karlsruhe GER"]
[Date "2011.05.13"]
[Round "1"]
[White "Atabay, Hatun"]
[Black "Jörs, Pia-Milena"]
[Result "1-0"]
[Termination "normal"]
[Board "8.3"]
[WhiteElo "992"]
[BlackElo "800"]
[WhiteTeam "Rotteck-Gymnasium Freiburg"]
[BlackTeam "Benjamin-Schule Remplin"]
[PlyCount "45"]
[WhiteFideId "12929603"]
[BlackFideId "12964646"]
[EventCountry "GER"]
[EventRounds "7"]
[EventType "team-swiss"]
[EventDate "2011.05.12"]

1. e4 e5 2. Nf3 Nc6 3. Bc4 Bb4 4. c3 Bc5 5. d4 Bd6 6. Ng5 Nf6 7. Nxf7 Qe7 8.
Nxh8 Qf8 9. Nf7 Be7 10. dxe5 Nxe4 11. O-O d5 12. Qxd5 Bf5 13. Bb5 a6 14. Bxc6+
bxc6 15. Qxc6+ Kxf7 16. e6+ Kf6 17. Qxc7 Bxe6 18. Bf4 Bd6 19. Qc6 Bxf4 20. Qxe4
Bg5 21. Re1 Bf5 22. Qc6+ Be6 23. Qxe6# 1-0

[Event "DSM WK M 2011"]
[Site "Karlsruhe GER"]
[Date "2011.05.13"]
[Round "1"]
[White "Nee, Maria Elisabeth"]
[Black "Wiesner, Paula"]
[Result "0-1"]
[Termination "normal"]
[Board "9.1"]
[WhiteElo "800"]
[BlackElo "1642"]
[WhiteTeam "Mariengymnasium Papenburg"]
[BlackTeam "Goethe-Gymnasium Karlsruhe"]
[PlyCount "48"]
[BlackFideId "24654019"]
[EventCountry "GER"]
[EventRounds "7"]
[EventType "team-swiss"]
[EventDate "2011.05.12"]

1. e4 c5 2. Nf3 Nc6 3. Bc4 d6 4. h4 Nf6 5. Nc3 e6 6. d3 Be7 7. Be3 d5 8. exd5
exd5 9. Bb5 d4 10. Bxd4 cxd4 11. Ne4 Qa5+ 12. Nc3 dxc3 13. Bxc6+ bxc6 14. Qc1
cxb2+ 15. Nd2 bxc1=Q+ 16. Rxc1 Bb4 17. Rd1 O-O 18. Ke2 Re8+ 19. Kf3 Bxd2 20.
Rxd2 Qxd2 21. g4 Bb7 22. Kg3 c5 23. Rf1 g5 24. f4 Qg2# 0-1

[Event "DSM WK M 2011"]
[Site "Karlsruhe GER"]
[Date "2011.05.13"]
[Round "1"]
[White "Ketterer, Beatrice"]
[Black "Hoffner, Rieke"]
[Result "0-1"]
[Termination "normal"]
[Board "9.2"]
[WhiteElo "781"]
[BlackElo "800"]
[WhiteTeam "Goethe-Gymnasium Karlsruhe"]
[BlackTeam "Mariengymnasium Papenburg"]
[PlyCount "110"]
[WhiteFideId "12983411"]
[EventCountry "GER"]
[EventRounds "7"]
[EventType "team-swiss"]
[EventDate "2011.05.12"]

1. e4 e5 2. Nf3 Nc6 3. Nc3 Bc5 4. Nxe5 Nxe5 5. d4 Bd6 6. dxe5 Bxe5 7. Bc4 Nf6
8. O-O O-O 9. Bg5 h6 10. Bh4 d6 11. Nd5 Bg4 12. Qd3 c6 13. Nxf6+ Bxf6 14. Bxf6
Qxf6 15. h3 Be6 16. Rfe1 Rad8 17. Rad1 Bxc4 18. Qxc4 Qxb2 19. Qb3 Qxb3 20. axb3
d5 21. e5 Rfe8 22. c3 b5 23. Rd4 c5 24. Rf4 Re7 25. g4 b4 26. cxb4 cxb4 27.
Rxb4 f6 28. e6 Rd6 29. Rb5 d4 30. Rd1 Rexe6 31. Rb7 d3 32. Rxa7 d2 33. Ra2 Re1+
34. Rxe1 dxe1=Q+ 35. Kg2 Qe4+ 36. f3 Qd5 37. Ra3 Rb6 38. Kg3 Rxb3 39. Ra4 Qxf3+
40. Kh4 g5+ 41. Kh5 Qxh3+ 42. Kg6 Kf8 43. Ra8+ Ke7 44. Ra6 Qd3+ 45. Kxh6 Qxa6
46. Kg7 Rg3 47. Kg8 Ke6 48. Kg7 Rxg4 49. Kg6 Qd3+ 50. Kh5 Rg1 51. Kh6 Rh1+ 52.
Kg7 g4 53. Kg8 Qd7 54. Kf8 Rb1 55. Kg8 Rb8# 0-1

[Event "DSM WK M 2011"]
[Site "Karlsruhe GER"]
[Date "2011.05.13"]
[Round "1"]
[White "Kroupa, Andriana"]
[Black "Henke, Hanna"]
[Result "0-1"]
[Termination "normal"]
[Board "9.3"]
[WhiteElo "800"]
[BlackElo "800"]
[WhiteTeam "Mariengymnasium Papenburg"]
[BlackTeam "Goethe-Gymnasium Karlsruhe"]
[PlyCount "116"]
[BlackFideId "12964441"]
[EventCountry "GER"]
[EventRounds "7"]
[EventType "team-swiss"]
[EventDate "2011.05.12"]

1. e4 e5 2. Nc3 Nf6 3. Nf3 Bb4 4. Bc4 d6 5. O-O Bg4 6. h3 Bxf3 7. Qxf3 Nc6 8.
Nd5 Nxd5 9. Bxd5 O-O 10. c3 Bc5 11. b4 Bb6 12. a4 a5 13. b5 Ne7 14. Bxb7 Ra7
15. Bc6 Nxc6 16. bxc6 Qe8 17. d3 Qxc6 18. Be3 Rb7 19. Rac1 Qxa4 20. d4 exd4 21.
Bxd4 Bxd4 22. cxd4 Qxd4 23. Rcd1 Qc4 24. Rd5 Ra7 25. Rh5 f6 26. Rf5 a4 27. Qd1
Qe6 28. Qd5 Qxd5 29. exd5 a3 30. Ra1 Rc8 31. Rf3 a2 32. g4 c6 33. Rd3 c5 34. f4
c4 35. Rc3 g5 36. f5 Rc5 37. Kf2 Ra4 38. Ke3 Rxd5 39. Ke4 Rc5 40. Kd4 Kf7 41.
Ke3 Ke7 42. Kf3 d5 43. Re3+ Kd6 44. Re6+ Kd7 45. Ke3 c3 46. Rxf6 c2 47. Rf7+
Kd6 48. Rf6+ Kc7 49. Rf7+ Kb6 50. Kd2 c1=Q+ 51. Rxc1 Rxc1 52. Kxc1 a1=Q+ 53.
Kd2 Ra3 54. Rf6+ Kc5 55. Rb6 Kxb6 56. f6 Qa2+ 57. Ke1 Rb3 58. Kf1 Rb1# 0-1

[Event "DSM WK M 2011"]
[Site "Karlsruhe GER"]
[Date "2011.05.13"]
[Round "1"]
[White "Kipp, Emma"]
[Black "Schulte, Katharina"]
[Result "0-1"]
[Termination "normal"]
[Board "9.4"]
[WhiteElo "800"]
[BlackElo "800"]
[WhiteTeam "Goethe-Gymnasium Karlsruhe"]
[BlackTeam "Mariengymnasium Papenburg"]
[PlyCount "148"]
[EventCountry "GER"]
[EventRounds "7"]
[EventType "team-swiss"]
[EventDate "2011.05.12"]

1. e4 e5 2. Nf3 Nc6 3. Nc3 Bc5 4. Bc4 Nf6 5. O-O O-O 6. d3 h6 7. Bd2 d6 8. h3
Be6 9. b3 Bxc4 10. bxc4 Rb8 11. a3 Qe7 12. Rb1 Bxa3 13. Ra1 Bb2 14. Rb1 Bxc3
15. Bxc3 Rfe8 16. Bd2 b6 17. Qe1 Ra8 18. Qe3 Qe6 19. Bc3 Nd7 20. Ng5 hxg5 21.
Qxg5 Qf6 22. Qh5 Qg6 23. Qxg6 fxg6 24. Rbe1 Nd4 25. Bxd4 exd4 26. c3 dxc3 27.
Rc1 Ne5 28. Rxc3 a6 29. Re1 Rf8 30. Re3 a5 31. Rg3 Rac8 32. Re3 Kh7 33. h4 Ng4
34. Rg3 Nxf2 35. Rf3 Rxf3 36. gxf3 Nd1 37. Rc1 Ne3 38. Kf2 Nxc4 39. Rxc4 b5 40.
Rc6 a4 41. Ra6 Kh6 42. Ra5 Rb8 43. Ra7 c6 44. Ra6 Rc8 45. d4 d5 46. e5 g5 47.
hxg5+ Kxg5 48. e6 Kf6 49. Ke3 Kxe6 50. f4 Kf5 51. Kf3 c5 52. dxc5 Rxc5 53. Ra7
Rc4 54. Rxg7 a3 55. Rg1 Rxf4+ 56. Ke3 Ra4 57. Rd1 Ke5 58. Rb1 a2 59. Ra1 b4 60.
Kd3 b3 61. Kc3 Ra3 62. Kb2 Ra8 63. Kxb3 d4 64. Rxa2 Rxa2 65. Kxa2 Ke4 66. Kb2
d3 67. Kc1 Ke3 68. Kd1 d2 69. Kc2 Ke2 70. Kb1 d1=Q+ 71. Kb2 Kd2 72. Ka3 Qb1 73.
Ka4 Kc3 74. Ka3 Qb3# 0-1